Asomor arthanitir bisajya bisoyhomuh (Record no. 8668)

MARC details
000 -LEADER
fixed length control field 00651cam a2200241ua 4500
008 - FIXED-LENGTH DATA ELEMENTS--GENERAL INFORMATION
fixed length control field 160311n ii |||gr||||Z||||||asm
020 ## - INTERNATIONAL STANDARD BOOK NUMBER
International Standard Book Number 9789382750772
040 ## - CATALOGING SOURCE
Transcribing agency MAIN
041 ## - LANGUAGE CODE
-- asm
082 ## - DEWEY DECIMAL CLASSIFICATION NUMBER
Classification number 330.954162
100 ## - MAIN ENTRY--PERSONAL NAME
Personal name Mavhey, Ashwini,
Relator term
245 1# - TITLE STATEMENT
Title Asomor arthanitir bisajya bisoyhomuh
Statement of responsibility, etc. Ashwini Machey
250 ## - EDITION STATEMENT
Edition statement 1st ed.
260 ## - PUBLICATION, DISTRIBUTION, ETC.
Place of publication, distribution, etc. Dibrugarh:
Name of publisher, distributor, etc. Banalata,
Date of publication, distribution, etc. 2015.
300 ## - PHYSICAL DESCRIPTION
Extent 221p.
700 ## - ADDED ENTRY--PERSONAL NAME
Personal name Buragohain, Pranjal Pratim,
Relator term
700 ## - ADDED ENTRY--PERSONAL NAME
Personal name Lahon, Ratul Kumar,
Relator term
700 ## - ADDED ENTRY--PERSONAL NAME
Personal name Goswami, Nilakshi,
Relator term
942 ## - ADDED ENTRY ELEMENTS (KOHA)
Koha item type Books
653 ## - INDEX TERM--UNCONTROLLED
Uncontrolled term Economics
653 ## - INDEX TERM--UNCONTROLLED
Uncontrolled term Economy of Assam
Holdings
Withdrawn status Lost status Damaged status Not for loan Home library Current library Shelving location Date acquired Total Checkouts Full call number Barcode Date last seen Copy number Price effective from Koha item type Date due Date last checked out
        Central Library, Naharkatiya College Central Library, Naharkatiya College General Stacks 19/09/2020   330.954162 | MAC 23181 19/09/2020 2 19/09/2020 Books    
        Central Library, Naharkatiya College Central Library, Naharkatiya College General Stacks 19/09/2020 4 330.954162 | MAC 23182 25/04/2026 1 19/09/2020 Books 02/06/2026 25/04/2026

Naharkatiya College © 2020. All rights reserved.

Powered By